Tres teorías sobre el desarrollo del niño: Erikson, Piaget y Sears

Đã lưu trong:
Chi tiết về thư mục
Tác giả chính: Maier, Henry W. (autor)
Định dạng: Sách
Ngôn ngữ:Tiếng Tây Ban Nha
Được phát hành: Buenos Aires Amorrortu 1971
Những chủ đề:
Các nhãn: Thêm thẻ
Không có thẻ, Là người đầu tiên thẻ bản ghi này!

MARC

LEADER 00000nam a2200000 a 4500
001 UCW4574
003 CL-VaPUC
008 900530e19710000AG |||||||||||||||||spa|d
082 0 4 |a 155.41  |b MAI  |2 21 
100 |a Maier, Henry W.  |e autor  |9 326470 
245 1 0 |a Tres teorías sobre el desarrollo del niño: Erikson, Piaget y Sears 
300 |a 358 p 
942 |c BK 
945 |d 19900530 00:00:00 
260 |a Buenos Aires  |b Amorrortu  |c 1971 
650 0 |a Psicología del niño  |9 307305 
650 7 |a PSICOLOGIA GENETICA  |2 CL-VaPUC  |9 308771 
583 |a last modification  |c 20130106 10:44:12  |k Rodrigo Vera 
999 |c 218265  |d 218263 
952 |0 0  |1 0  |4 0  |6 155_410000000000000_MAI_1971  |7 0  |8 A  |9 207472  |a BIBEDU  |b BIBEDU  |d 2019-11-15  |i 275293K  |o 155.41 MAI 1971  |p 275293K  |r 2019-11-15  |w 2019-11-15  |y BK  |k EDU 
952 |0 0  |1 0  |4 0  |6 155_410000000000000_MAI_1971  |7 0  |8 A  |9 207473  |a BIBEDU  |b BIBEDU  |d 2019-11-15  |i 154361K  |o 155.41 MAI 1971  |p 154361K  |r 2019-11-15  |w 2019-11-15  |y BK  |k EDU 
952 |0 0  |1 0  |4 0  |6 155_410000000000000_MAI_1971  |7 0  |8 A  |9 207474  |a BIBEDU  |b BIBEDU  |d 2019-11-15  |i 1543628  |l 1  |o 155.41 MAI 1971  |p 1543628  |r 2023-04-19  |s 2023-04-12  |w 2019-11-15  |y BK  |k EDU 
952 |0 0  |1 0  |4 0  |6 155_410000000000000_MAI_1971  |7 0  |8 A  |9 207475  |a BIBEDU  |b BIBEDU  |d 2019-11-15  |i 1543636  |o 155.41 MAI 1971  |p 1543636  |r 2019-11-15  |w 2019-11-15  |y BK  |k EDU 
952 |0 0  |1 0  |4 0  |6 155_410000000000000_MAI_1971  |7 0  |8 A  |9 207476  |a FDOPOS  |b FDOPOS  |d 2019-11-15  |i 3690083  |o 155.41 MAI 1971  |p 3690083  |r 2025-01-22  |w 2019-11-15  |y BK  |k MLA